00288nam a2200121Ia 4500008004100000082001300041100001900054245004000073250000800113260002700121300001000148650000800158191201s2006 xx 000 0 und d a657bGUA aGUPTA Shashi K 0aAccounting and Financial Management a2nd aN.DelhibKalyanic2006 a22.67 aMBA